Deadliest Conflicts in 2017 - Statistics

General Stats
  • This quiz has been taken 7 times
  • The average score is 3 of 18
Answer Stats
Hint Answer % Correct
39,000 Syrian Civil War
100%
3,110 Boko Haram Insurgency
29%
13,187 Iraq Conflict
29%
14,771 Mexican Drug War
29%
5,154 Somali Civil War
29%
1,564 Libyan Crisis
14%
1,109 War in Darfur
14%
1,438 Yemeni Crisis
14%
1,097 Communal Conflicts in Nigeria
0%
1,723 Conflict in the CAR
0%
3,646 Ethnic Violence in South Sudan
0%
2,835 Insurgency in Maghreb
0%
6,700 Internal Conflict in Myanmar
0%
1,384 Moro Conflict
0%
1,011 Oromo Conflict
0%
1,342 Sinai Insurgency
0%
1,225 South Kordofan Conflict
0%
23,065 War in Afganistan
0%
No matching quizzes found
Score Distribution
Percent of People with Each Score
Percentile by Number Answered
Your Score History
You have not taken this quiz